Agitación en América Latina. (Registro nro. 334)
[ vista simple ]
| 000 -CABECERA | |
|---|---|
| fixed length control field | 00414nam a22001457a 4500 |
| 001 - NUMERO DE CONTROL | |
| control field | 02513552 |
| 003 - CONTROL NUMBER IDENTIFIER | |
| control field | AR-BeUNQ |
| 005 - FECHA Y HORA DE LA ULTIMA TRANSACCION | |
| control field | 20220818182005.0 |
| 245 ## - MENCION DE TITULO | |
| Título | Agitación en América Latina. |
| Mención de responsabilidad, etc | Nueva Sociedad |
| Medio físico | soporte papel |
| Número de la parte/sección de la obra | 295 |
| 250 #3 - MENCION DE EDICION | |
| Mención de edición | 1a.ed |
| 260 #3 - PUBLICACION, DISTRIBUCION, ETC. | |
| Lugar de publicación, distribución, etc. | Buenos Aires : |
| Nombre del editor, distribuidor, etc. | NUSO, |
| Fecha de publicación, distribución, etc | 2021 |
| 490 #3 - MENCION DE SERIE | |
| Mención de serie | Nueva ]Sociedad |
| Designación numérica/secuencial del volumen | 295 |
| 500 ## - NOTA GENERAL | |
| Nota general | Instalación de la agitación política y social en AL y el Caribe. |
| 942 ## - ELEMENTOS DE PUNTO DE ACCESO ADICIONAL (KOHA) | |
| Tipo de ítem Koha | Revistas |
| Estado de retiro | Estado de pérdida | No para préstamo | Ubicación permanente | Ubicación actual | Ubicación en estantería | Fecha de ingreso | Numeración serial | Total Checkouts | Signatura topográfica completa | Inventario | Date last seen | Tipo de ítem Koha |
|---|---|---|---|---|---|---|---|---|---|---|---|---|
| Biblioteca ESET - UNQ | Biblioteca ESET - UNQ | CIRCULACION | 16/06/2022 | 295 | 323 /NUE | 59519 | 18/08/2022 | Revistas |